[Event "Kronborg Chess Open IM 2026"]
[Site "Helsingor"]
[Date "2026.05.13"]
[Round "1.6"]
[White "Ragnarsson, Dagur"]
[Black "Strom Engdahl, Alexander"]
[Result "0-1"]
[WhiteElo "2391"]
[BlackElo "2308"]
[WhiteFideId "2304058"]
[BlackFideId "1741586"]
[EventDate "2026.05.13"]
[EventType "tourn"]
[EventRounds "9"]
[EventCountry "DEN"]
[SourceTitle "Live v Helsingor Chess Club"]

1. Nf3 Nf6 2. g3 b6 3. Bg2 Bb7 4. O-O c5 5. d3 g6 6. e4 d6 7. Nh4 Qc7 8. Nc3 Bg7 9. f4 Nc6 10. Nd5 Qd7 11. c3 b5 12. Bd2 Rb8 13. a3 O-O 14. Ne3 c4 15. d4 Na5 16. Qc2 e5 17. fxe5 dxe5 18. d5 Nb3 19. Rad1 Ne8 20. h3 Nd6 21. Ng4 f6 22. Be3 Bc8 23. Qf2 a5 24. Bh6 Qe7 25. Bxg7 Kxg7 26. Qe3 Bxg4 27. hxg4 b4 28. axb4 axb4 29. g5 fxg5 30. Nf3 h6 31. cxb4 g4 32. Nh2 h5 33. Rxf8 Qxf8 34. Bf1 Nd4 35. Ra1 Qe7 36. Ra4 Qd7 37. Ra6 Qe7 38. Ra4 Rb7 39. Be2 Ra7 40. Ra5 Rxa5 41. bxa5 Qa7 42. Kg2 Qxa5 43. Bxg4 Qb4 44. Bxh5 Qxb2+ 45. Kh3 Nf7 46. Nf3 gxh5 47. Ng5 Qb1 48. Kh2 Qc2+ 49. Kh3 Qd1 50. Kg2 Qe2+ 51. Qxe2 Nxe2 52. Ne6+ Kf6 53. Nc5 c3 54. Kf2 c2 0-1

[Event "Kronborg Chess Open IM 2026"]
[Site "Helsingor"]
[Date "2026.05.13"]
[Round "1.7"]
[White "Fuhrmann, Bahne"]
[Black "Falkevall, Axel"]
[Result "0-1"]
[WhiteElo "2254"]
[BlackElo "2371"]
[WhiteFideId "16244842"]
[BlackFideId "1735560"]
[EventDate "2026.05.13"]
[EventType "tourn"]
[EventRounds "9"]
[EventCountry "DEN"]
[SourceTitle "Live v Helsingor Chess Club"]

1. d4 Nf6 2. g3 c5 3. d5 b5 4. a4 b4 5. c4 g6 6. Bg2 d6 7. Nh3 Bg7 8. O-O a5 9. Ra2 Ra7 10. b3 O-O 11. Re1 e6 12. e4 exd5 13. exd5 Bf5 14. Nd2 Re8 15. Rxe8+ Qxe8 16. Nf1 Re7 17. Ne3 Bxh3 18. Bxh3 Ne4 19. Qd3 Nd7 20. Bb2 Nc3 21. Bxd7 Qxd7 22. Ra1 h5 23. h4 Bd4 24. Kg2 Qe8 25. Kf3 Re5 26. Bxc3 bxc3 27. Ra2 Qb8 28. Qd1 Qc8 29. Kg2 Bxe3 30. fxe3 Rxe3 31. Qc1 Rd3 32. Qf1 Qf5 33. Qxf5 gxf5 34. Kf2 Kg7 35. Re2 Kf6 36. Kg2 Rd2 37. Kf3 c2 0-1

[Event "Kronborg Chess Open IM 2026"]
[Site "Helsingor"]
[Date "2026.05.13"]
[Round "1.8"]
[White "Lucas, Arthur"]
[Black "Vantorre, Nils"]
[Result "1-0"]
[WhiteElo "2329"]
[BlackElo "2238"]
[WhiteFideId "26093073"]
[BlackFideId "258474"]
[EventDate "2026.05.13"]
[EventType "tourn"]
[EventRounds "9"]
[EventCountry "DEN"]
[SourceTitle "Live v Helsingor Chess Club"]

1. e4 e6 2. d4 d5 3. e5 c5 4. c3 Nc6 5. Nf3 Bd7 6. Bd3 cxd4 7. cxd4 Qb6 8. O-O Nxd4 9. Nbd2 Bc5 10. b4 Qxb4 11. Nxd4 Bxd4 12. Rb1 Qe7 13. Rxb7 Qd8 14. Ba3 Bxe5 15. Qe2 Bc7 16. Rc1 Rc8 17. Qg4 Nf6 18. Qb4 a5 19. Qb2 Bf4 20. g3 Rxc1+ 21. Qxc1 Bxd2 22. Qxd2 Qc8 23. Qb2 1-0

[Event "Kronborg Chess Open IM 2026"]
[Site "Helsingor"]
[Date "2026.05.13"]
[Round "1.9"]
[White "Vandenhole, Kobe"]
[Black "Kotyk, Michael"]
[Result "1/2-1/2"]
[WhiteElo "2342"]
[BlackElo "2240"]
[WhiteFideId "268844"]
[BlackFideId "16214501"]
[EventDate "2026.05.13"]
[EventType "tourn"]
[EventRounds "9"]
[EventCountry "DEN"]
[SourceTitle "Live v Helsingor Chess Club"]

1. e4 e5 2. Nf3 Nc6 3. Nc3 Nf6 4. Nd5 Bd6 5. d4 Nxd5 6. exd5 Nxd4 7. Nxd4 exd4 8. Qxd4 Qe7+ 9. Qe3 O-O 10. Bd3 Re8 11. O-O Qxe3 12. Bxe3 b6 13. Rfd1 Bb7 14. c4 Be5 15. Rd2 d6 16. Re2 Bf6 17. Rae1 Re7 18. Kf1 Rae8 19. b3 g6 20. f3 Bc3 21. Rc1 Rxe3 22. Rxc3 Rxe2 23. Bxe2 a5 24. Kf2 Kg7 25. g4 h6 26. f4 g5 27. f5 Bc8 28. Rh3 Re4 29. Bf3 Rf4 30. Ke3 Bd7 31. a4 Be8 32. Rg3 Kf6 33. Rg1 Bd7 34. h4 Kg7 35. hxg5 hxg5 36. Rh1 Be8 37. Rh5 f6 38. Rh2 Bd7 39. Rh1 Be8 40. Be2 Bd7 41. Rb1 Kf7 42. Ra1 Bc8 43. b4 Ba6 44. bxa5 bxa5 45. Rc1 Ke7 46. Rc2 1/2-1/2

[Event "Kronborg Chess Open IM 2026"]
[Site "Helsingor"]
[Date "2026.05.13"]
[Round "1.10"]
[White "Jalving, August"]
[Black "Sandberg, Lucas"]
[Result "1/2-1/2"]
[WhiteElo "2296"]
[BlackElo "2325"]
[WhiteFideId "1471759"]
[BlackFideId "1773712"]
[EventDate "2026.05.13"]
[EventType "tourn"]
[EventRounds "9"]
[EventCountry "DEN"]
[SourceTitle "Live v Helsingor Chess Club"]

1. e4 Nc6 2. Nf3 g6 3. d4 d6 4. Nc3 Bg7 5. Be3 Nf6 6. Qd2 O-O 7. Bh6 d5 8. Bxg7 Kxg7 9. exd5 Nxd5 10. Bc4 Nb6 11. Be2 Bg4 12. O-O-O e6 13. Qf4 Bxf3 14. Bxf3 Nd5 15. Bxd5 exd5 16. h4 h6 17. Rhe1 Qd7 18. g4 Rfe8 19. g5 h5 20. Nb5 Rxe1 21. Rxe1 Rc8 22. Nc3 a6 23. a3 Re8 24. Rxe8 Qxe8 25. Kd2 Qd7 26. Ne2 Ne7 27. Ng3 c6 28. Qe5+ Kh7 29. Qf4 Nc8 30. a4 Nd6 31. b3 a5 32. Qe5 1/2-1/2

[Event "Kronborg Chess Open IM 2026"]
[Site "Helsingor"]
[Date "2026.05.14"]
[Round "2.6"]
[White "Ragnarsson, Dagur"]
[Black "Fuhrmann, Bahne"]
[Result "1-0"]
[WhiteElo "2391"]
[BlackElo "2254"]
[WhiteFideId "2304058"]
[BlackFideId "16244842"]
[EventDate "2026.05.13"]
[EventType "tourn"]
[EventRounds "9"]
[EventCountry "DEN"]
[SourceTitle "Live v Helsingor Chess Club"]

1. Nf3 Nf6 2. g3 d5 3. Bg2 e6 4. O-O Be7 5. d3 O-O 6. Nbd2 c5 7. e4 b5 8. e5 Nfd7 9. c4 bxc4 10. dxc4 Bb7 11. Qe2 Nb6 12. Rd1 Qc7 13. cxd5 exd5 14. Nf1 Ba6 15. Qc2 Nc6 16. Bf4 Qd7 17. a3 h6 18. h4 d4 19. Ne3 d3 20. Qd2 Nd4 21. Nxd4 cxd4 22. Qa5 dxe3 23. Qxa6 exf2+ 24. Kh2 Rad8 25. Rd2 Qd4 26. Rad1 Na4 27. Qb7 Bc5 28. Rxd3 Qxd3 29. Rxd3 Rxd3 30. Qb5 Rd1 31. Qxa4 f1=Q 32. Bxf1 Rxf1 33. b4 Bb6 34. h5 Rd8 35. Qc6 Re1 36. Kh3 Bd4 37. Qc7 Bb6 38. Qe7 Red1 39. a4 R1d7 40. Qh4 Rd1 41. Qe7 R1d7 42. Qh4 Rd1 43. Qg4 Rh1+ 44. Kg2 Rg1+ 45. Kh2 Rdd1 46. Qc8+ Kh7 47. Qb7 Kg8 48. Qa8+ Kh7 49. Qe4+ Kg8 50. e6 Rh1+ 51. Kg2 Rhe1 52. exf7+ Kxf7 53. Qg6+ Kg8 54. Bxh6 Rg1+ 55. Kh3 Rxg3+ 56. Qxg3 Rh1+ 57. Kg4 Rg1 58. Qxg1 Bxg1 59. Bf4 Kf7 60. Kf5 Bd4 61. b5 Bb6 62. Be5 a6 63. bxa6 Ba7 64. a5 1-0

[Event "Kronborg Chess Open IM 2026"]
[Site "Helsingor"]
[Date "2026.05.14"]
[Round "2.7"]
[White "Falkevall, Axel"]
[Black "Lucas, Arthur"]
[Result "1-0"]
[WhiteElo "2371"]
[BlackElo "2329"]
[WhiteFideId "1735560"]
[BlackFideId "26093073"]
[EventDate "2026.05.13"]
[EventType "tourn"]
[EventRounds "9"]
[EventCountry "DEN"]
[SourceTitle "Live v Helsingor Chess Club"]

1. c4 e5 2. g3 d6 3. Bg2 f5 4. Nc3 Nf6 5. b3 Be7 6. d4 O-O 7. Nh3 Qe8 8. O-O c6 9. Ba3 Na6 10. e3 h6 11. Qd2 Be6 12. Rad1 Rd8 13. d5 Bc8 14. f4 e4 15. Nf2 Qg6 16. Qe2 h5 17. dxc6 bxc6 18. Rd2 Rd7 19. Rfd1 Rfd8 20. Bh3 Nc7 21. Kh1 Ba6 22. Qe1 d5 23. Bxe7 Rxe7 24. Ne2 Ne6 25. cxd5 Nxd5 26. Nd4 Nxd4 27. Rxd4 Rf8 28. Bg2 Qe8 29. Qd2 Qb8 30. Bf1 Bxf1 31. Rxf1 Rb7 32. Rc1 Rf6 33. Rdc4 Ne7 34. Rd1 Rb5 35. Qd7 Kf8 36. Nh3 Rb7 37. Qd2 Rb5 38. Ng5 Rd5 39. Qe2 Rxd1+ 40. Qxd1 Rh6 41. Rb4 Qc8 42. Qd4 Nd5 43. Qxa7 1-0

[Event "Kronborg Chess Open IM 2026"]
[Site "Helsingor"]
[Date "2026.05.14"]
[Round "2.9"]
[White "Kotyk, Michael"]
[Black "Jalving, August"]
[Result "1/2-1/2"]
[WhiteElo "2240"]
[BlackElo "2296"]
[WhiteFideId "16214501"]
[BlackFideId "1471759"]
[EventDate "2026.05.13"]
[EventType "tourn"]
[EventRounds "9"]
[EventCountry "DEN"]
[SourceTitle "Live v Helsingor Chess Club"]

1. d4 Nf6 2. c4 e6 3. Nc3 Bb4 4. e3 O-O 5. Ne2 d5 6. a3 Be7 7. cxd5 exd5 8. Nf4 c6 9. Bd3 Re8 10. O-O Nbd7 11. f3 Nf8 12. Bc2 Ne6 13. Nxe6 Bxe6 14. e4 Nd7 15. e5 f6 16. f4 f5 17. g4 Rf8 18. gxf5 Bxf5 19. Bxf5 Rxf5 20. Qg4 g6 21. Ne2 Nf8 22. Ng3 h5 23. Qh3 Rf7 24. f5 h4 25. fxg6 Rxf1+ 26. Nxf1 Qe8 27. Ne3 Qxg6+ 28. Qg2 Kh7 29. Qxg6+ Kxg6 30. Nc2 Ne6 31. Kf2 Rf8+ 32. Ke2 h3 33. Be3 Bh4 34. Rg1+ Kh5 35. Ne1 Bxe1 36. Kxe1 c5 37. Rg3 cxd4 38. Rxh3+ Kg4 39. Rg3+ Kf5 40. Rf3+ Kxe5 41. Rxf8 Nxf8 42. Bf2 Ne6 43. h4 Ke4 44. h5 Kf5 45. Kd2 Kg5 46. Kd3 Kxh5 47. Bxd4 a6 48. a4 Kg4 49. b4 b5 50. axb5 axb5 51. Be5 Kf5 52. Bd6 Kf6 53. Ke3 Kf7 54. Kd3 Ke8 55. Bg3 Kd7 56. Bh2 Kc6 57. Be5 Ng5 58. Bf6 Ne4 59. Be5 Ng5 60. Bf6 Ne6 61. Be5 Kd7 62. Bg3 Ke8 63. Bh2 Kf7 64. Be5 Nd8 65. Kd4 Ke6 66. Bc7 Nc6+ 67. Kc5 Ne5 68. Kxb5 d4 69. Bb6 d3 70. Be3 Kd5 71. Ka4 Nc4 72. Bc1 d2 73. Bxd2 Nxd2 74. b5 Nc4 75. b6 Nxb6+ 1/2-1/2

[Event "Kronborg Chess Open IM 2026"]
[Site "Helsingor"]
[Date "2026.05.14"]
[Round "2.10"]
[White "Strom Engdahl, Alexander"]
[Black "Sandberg, Lucas"]
[Result "0-1"]
[WhiteElo "2308"]
[BlackElo "2325"]
[WhiteFideId "1741586"]
[BlackFideId "1773712"]
[EventDate "2026.05.13"]
[EventType "tourn"]
[EventRounds "9"]
[EventCountry "DEN"]
[SourceTitle "Live v Helsingor Chess Club"]

1. Nf3 b6 2. c4 Nf6 3. Nc3 Bb7 4. e3 g6 5. b3 Bg7 6. Bb2 O-O 7. d4 d6 8. Be2 Nbd7 9. d5 e5 10. dxe6 fxe6 11. O-O Qe7 12. Nd4 Rf7 13. Bf3 Bxf3 14. Qxf3 Raf8 15. Qh3 Nc5 16. Rad1 e5 17. Nc6 Qe8 18. Nb4 a5 19. Nbd5 Nxd5 20. Nxd5 c6 21. Nc3 e4 22. Rd2 Nd3 23. Nd1 Nxb2 24. Nxb2 Rf5 25. Na4 b5 26. cxb5 cxb5 27. Nb6 Qf7 28. Qg3 d5 29. Qd6 d4 30. exd4 e3 31. Re2 exf2+ 32. Kh1 Re8 33. Rxe8+ Qxe8 34. d5 Rf6 35. Qd7 Qe2 36. Qc8+ Bf8 0-1

[Event "Kronborg Chess Open IM 2026"]
[Site "Helsingor"]
[Date "2026.05.14"]
[Round "3.6"]
[White "Lucas, Arthur"]
[Black "Ragnarsson, Dagur"]
[Result "1/2-1/2"]
[WhiteElo "2329"]
[BlackElo "2391"]
[WhiteFideId "26093073"]
[BlackFideId "2304058"]
[EventDate "2026.05.13"]
[EventType "tourn"]
[EventRounds "9"]
[EventCountry "DEN"]
[SourceTitle "Live v Helsingor Chess Club"]

1. e4 c5 2. Nf3 Nc6 3. Bb5 Nf6 4. Bxc6 dxc6 5. d3 g6 6. O-O Bg7 7. Re1 O-O 8. h3 Ne8 9. e5 Nc7 10. a4 a5 11. Be3 Ne6 12. Qd2 Nd4 13. Nxd4 cxd4 14. Bh6 Bf5 15. Bxg7 Kxg7 16. Qf4 Qb6 17. b3 Qc5 18. Qc1 Rae8 19. Nd2 f6 20. Nf3 g5 21. Re2 Bg6 22. Qb2 Rd8 23. Rae1 Rf7 24. Nd2 Qb4 25. Qc1 h6 26. f4 Qc5 27. Nf3 Qd5 28. Rf2 Rff8 29. Qd2 b6 30. Nh2 c5 31. Nf1 fxe5 32. fxg5 h5 33. Rfe2 e4 34. dxe4 Qe5 35. Nh2 Qg3 36. Nf1 Qe5 37. Nh2 Qg3 38. Nf1 Qh4 39. Kh2 Qf4+ 40. Qxf4 Rxf4 41. g3 Rf3 42. Nd2 Rc3 43. Nb1 Rf3 44. Nd2 Rc3 45. Nb1 Rf3 46. Nd2 Rc3 47. Nb1 1/2-1/2

[Event "Kronborg Chess Open IM 2026"]
[Site "Helsingor"]
[Date "2026.05.14"]
[Round "3.7"]
[White "Fuhrmann, Bahne"]
[Black "Strom Engdahl, Alexander"]
[Result "1-0"]
[WhiteElo "2254"]
[BlackElo "2308"]
[WhiteFideId "16244842"]
[BlackFideId "1741586"]
[EventDate "2026.05.13"]
[EventType "tourn"]
[EventRounds "9"]
[EventCountry "DEN"]
[SourceTitle "Live v Helsingor Chess Club"]

1. e4 d6 2. d4 Nf6 3. Nc3 e5 4. Nf3 Nbd7 5. Bc4 Be7 6. O-O O-O 7. Re1 exd4 8. Nxd4 Ne5 9. Bf1 Re8 10. h3 Ng6 11. g3 Bf8 12. Bg2 c6 13. a4 a5 14. Be3 Bd7 15. Qd2 Rb8 16. Kh2 Qc7 17. Bg5 Be7 18. Rad1 h6 19. Be3 b5 20. axb5 cxb5 21. Nd5 Nxd5 22. exd5 Bf6 23. Nc6 Rbc8 24. Bd4 Rxe1 25. Qxe1 Bxc6 26. Bxf6 Bd7 27. Bd4 b4 28. c3 bxc3 29. Bxc3 a4 30. Bd4 Re8 31. Qd2 Qc4 32. Rc1 Qb5 33. Rc7 Bf5 34. Qc3 Ne5 35. Qc1 Qe2 36. Qf4 Bg6 37. Bc3 Kh7 38. Qd4 Rg8 39. Qe3 Qxe3 40. fxe3 Re8 41. Bd4 Kg8 42. Rc3 Rb8 43. g4 h5 44. Kg3 hxg4 45. hxg4 f6 46. Rc7 Bf7 47. Ra7 Nc4 48. Rxa4 Nxb2 49. Ra6 Nc4 50. Rc6 Ne5 51. Rxd6 Re8 52. Ra6 Nc4 53. Kf2 Ne5 54. Kg3 Nc4 55. d6 Rd8 56. Bc5 Ne5 57. Be4 Be6 58. g5 fxg5 59. Ra7 Nd7 60. Bd4 Nf6 61. Bg6 Bd5 62. Rc7 Be6 63. Be5 Nd7 64. Bc3 Nf6 65. e4 Rc8 66. Rxc8+ Bxc8 67. Bxf6 gxf6 68. Be8 f5 69. e5 f4+ 70. Kf2 g4 71. Bc6 Kf7 72. d7 Bxd7 73. Bxd7 g3+ 74. Kf3 Kg6 75. Bc8 Kh6 76. Bb7 Kg5 77. Be4 1-0

[Event "Kronborg Chess Open IM 2026"]
[Site "Helsingor"]
[Date "2026.05.14"]
[Round "3.8"]
[White "Vandenhole, Kobe"]
[Black "Falkevall, Axel"]
[Result "1/2-1/2"]
[WhiteElo "2342"]
[BlackElo "2371"]
[WhiteFideId "268844"]
[BlackFideId "1735560"]
[EventDate "2026.05.13"]
[EventType "tourn"]
[EventRounds "9"]
[EventCountry "DEN"]
[SourceTitle "Live v Helsingor Chess Club"]

1. e4 e5 2. Nf3 Nc6 3. Bc4 Nf6 4. d3 h6 5. O-O d6 6. c3 g5 7. Nbd2 Bg7 8. Bb3 Ne7 9. Nc4 Ng6 10. Re1 O-O 11. d4 Qe8 12. Qc2 Bg4 13. Nfd2 Be6 14. Ne3 exd4 15. cxd4 c5 16. e5 dxe5 17. d5 Bd7 18. Ndc4 Qb8 19. a4 e4 20. g3 b6 21. Bd2 Ne7 22. Bc3 Nexd5 23. Be5 Nxe3 24. Rxe3 Qb7 25. Nd6 Qc6 26. Qc3 Ne8 27. Bxg7 Nxd6 28. Bxf8 Rxf8 29. Rd1 Be6 30. Bxe6 fxe6 31. Qe5 Nf5 32. Qxe4 Qxe4 33. Rxe4 Nd4 34. Kg2 a5 35. Rdxd4 cxd4 36. Rxe6 Rd8 37. Kf1 d3 38. Ke1 Kg7 39. Re3 Rd4 40. b3 d2+ 41. Kd1 Kf6 42. Re2 Rb4 43. Re3 Rd4 44. Re2 Rb4 45. Re3 1/2-1/2

[Event "Kronborg Chess Open IM 2026"]
[Site "Helsingor"]
[Date "2026.05.14"]
[Round "3.9"]
[White "Jalving, August"]
[Black "Vantorre, Nils"]
[Result "1-0"]
[WhiteElo "2296"]
[BlackElo "2238"]
[WhiteFideId "1471759"]
[BlackFideId "258474"]
[EventDate "2026.05.13"]
[EventType "tourn"]
[EventRounds "9"]
[EventCountry "DEN"]
[SourceTitle "Live v Helsingor Chess Club"]

1. e4 e6 2. d4 d5 3. Nc3 Nf6 4. e5 Nfd7 5. f4 c5 6. Nf3 Nc6 7. Be3 Be7 8. Qd2 a6 9. a3 O-O 10. dxc5 Nxc5 11. Be2 b5 12. O-O Bb7 13. Nd4 Ne4 14. Nxe4 dxe4 15. Nb3 Qxd2 16. Nxd2 Rfd8 17. Nb3 f6 18. exf6 Bxf6 19. Nc5 Bd4 20. Bxd4 Nxd4 21. Bd1 Bd5 22. c3 Nf5 23. Re1 Nd6 24. Bc2 Kf7 25. a4 e3 26. a5 Ra7 27. Rad1 Nc4 28. b4 Rc8 29. f5 Rxc5 30. bxc5 Rc7 31. Bb3 Rxc5 32. Bxc4 bxc4 33. Rxe3 Rxa5 34. Re5 Kf6 35. fxe6 Kxe5 36. Rxd5+ Rxd5 37. e7 Rd1+ 38. Kf2 Rd2+ 39. Kf1 Ke4 40. e8=Q+ Kd3 41. Qe5 Kc2 42. Qxg7 Rd1+ 43. Ke2 1-0

[Event "Kronborg Chess Open IM 2026"]
[Site "Helsingor"]
[Date "2026.05.14"]
[Round "3.10"]
[White "Sandberg, Lucas"]
[Black "Kotyk, Michael"]
[Result "1-0"]
[WhiteElo "2325"]
[BlackElo "2240"]
[WhiteFideId "1773712"]
[BlackFideId "16214501"]
[EventDate "2026.05.13"]
[EventType "tourn"]
[EventRounds "9"]
[EventCountry "DEN"]
[SourceTitle "Live v Helsingor Chess Club"]

1. Nc3 d5 2. e4 d4 3. Nce2 e5 4. d3 Be6 5. f4 f6 6. Nf3 Bd6 7. g3 c5 8. Bg2 Nc6 9. O-O Qc7 10. fxe5 Nxe5 11. Nf4 Bf7 12. Nd5 Qd7 13. Bf4 Ne7 14. Bxe5 Nxd5 15. exd5 Bxe5 16. Nxe5 fxe5 17. c4 O-O 18. Qe2 Rae8 19. Rf2 Bg6 20. Raf1 Rxf2 21. Rxf2 b6 22. Be4 Qd6 23. Qg4 a6 24. Kg2 b5 25. b3 bxc4 26. bxc4 Rb8 27. h4 Bxe4+ 28. Qxe4 Re8 29. h5 Qe7 30. Rf5 Qd6 31. g4 g6 32. hxg6 hxg6 33. Rf2 Kg7 34. g5 Rf8 35. Rxf8 Kxf8 36. Kf3 Kg7 37. Qg4 Qf8+ 38. Ke4 Qf2 39. d6 Qe3+ 40. Kd5 e4 41. d7 Qf2 42. d8=Q Qf7+ 43. Ke5 exd3 44. Qf6+ 1-0

[Event "Kronborg Chess Open IM 2026"]
[Site "Helsingor"]
[Date "2026.05.15"]
[Round "4.6"]
[White "Ragnarsson, Dagur"]
[Black "Vandenhole, Kobe"]
[Result "1/2-1/2"]
[WhiteElo "2391"]
[BlackElo "2342"]
[WhiteFideId "2304058"]
[BlackFideId "268844"]
[EventDate "2026.05.13"]
[EventType "tourn"]
[EventRounds "9"]
[EventCountry "DEN"]
[SourceTitle "Live v Helsingor Chess Club"]

1. d4 d5 2. c4 e6 3. Nc3 Bb4 4. Nf3 Nf6 5. cxd5 exd5 6. Bg5 h6 7. Bh4 O-O 8. e3 Bf5 9. Qb3 Bxc3+ 10. bxc3 Nbd7 11. Be2 c5 12. dxc5 Nxc5 13. Qb4 Rc8 14. O-O g5 15. Bg3 Re8 16. Rfd1 Nfe4 17. c4 Qf6 18. Nd4 dxc4 19. Bxc4 h5 20. Bb5 Red8 21. f3 Nxg3 22. hxg3 Qe5 23. Qe1 a6 24. Bf1 Ne6 25. f4 Qf6 26. Nf3 gxf4 27. gxf4 Be4 28. Ne5 Kh7 29. Rxd8 Rxd8 30. Rd1 Rg8 31. Qb4 Ng5 32. Rd7 Nf3+ 33. Nxf3 Bxf3 34. Qe7 Qxe7 35. Rxe7 Bd5 36. a4 Kg7 37. Re5 Bc6 38. a5 Kh6 39. Kf2 Rg4 40. g3 h4 41. gxh4 Rxh4 1/2-1/2

[Event "Kronborg Chess Open IM 2026"]
[Site "Helsingor"]
[Date "2026.05.15"]
[Round "4.7"]
[White "Fuhrmann, Bahne"]
[Black "Lucas, Arthur"]
[Result "1/2-1/2"]
[WhiteElo "2254"]
[BlackElo "2329"]
[WhiteFideId "16244842"]
[BlackFideId "26093073"]
[EventDate "2026.05.13"]
[EventType "tourn"]
[EventRounds "9"]
[EventCountry "DEN"]
[SourceTitle "Live v Helsingor Chess Club"]

1. e4 c5 2. Nf3 Nc6 3. Bb5 d6 4. O-O Bd7 5. Re1 a6 6. Bxc6 Bxc6 7. d4 cxd4 8. Nxd4 Rc8 9. b3 Nf6 10. Nxc6 Rxc6 11. c4 g6 12. Nc3 Bg7 13. Bg5 O-O 14. Qd2 Re8 15. Rad1 Qa5 16. Nd5 Qxd2 17. Rxd2 Kf8 18. e5 Nxd5 19. cxd5 Rcc8 20. exd6 exd6 21. Rxe8+ Rxe8 22. f3 Rc8 23. Kf2 h6 24. Be3 Ke7 25. Ke2 Kd7 26. Rd1 Rc2+ 27. Rd2 Rc1 28. Rd1 Rc2+ 29. Rd2 Rc1 30. Rd1 1/2-1/2

[Event "Kronborg Chess Open IM 2026"]
[Site "Helsingor"]
[Date "2026.05.15"]
[Round "4.8"]
[White "Falkevall, Axel"]
[Black "Jalving, August"]
[Result "1/2-1/2"]
[WhiteElo "2371"]
[BlackElo "2296"]
[WhiteFideId "1735560"]
[BlackFideId "1471759"]
[EventDate "2026.05.13"]
[EventType "tourn"]
[EventRounds "9"]
[EventCountry "DEN"]
[SourceTitle "Live v Helsingor Chess Club"]

1. d4 d5 2. c4 c6 3. Nf3 Nf6 4. Nc3 dxc4 5. a4 Bf5 6. Ne5 Nbd7 7. Nxc4 Qc7 8. g3 e5 9. dxe5 Nxe5 10. Bf4 Nfd7 11. Bg2 g5 12. Bxe5 Nxe5 13. Qd4 f6 14. a5 a6 15. Ne3 Rd8 16. Qa4 Be6 17. O-O f5 18. Qc2 Qf7 19. f4 gxf4 20. gxf4 Ng6 21. Ne4 Be7 22. Ng5 Bxg5 23. fxg5 f4 24. Be4 O-O 25. Ng2 Bf5 26. Ra4 Rde8 27. Bxf5 Qxf5 28. Qc4+ Kh8 29. Qc3+ Kg8 30. Qc4+ Kh8 31. Qc3+ Kg8 32. Qc4+ 1/2-1/2

[Event "Kronborg Chess Open IM 2026"]
[Site "Helsingor"]
[Date "2026.05.15"]
[Round "4.9"]
[White "Vantorre, Nils"]
[Black "Sandberg, Lucas"]
[Result "1-0"]
[WhiteElo "2238"]
[BlackElo "2325"]
[WhiteFideId "258474"]
[BlackFideId "1773712"]
[EventDate "2026.05.13"]
[EventType "tourn"]
[EventRounds "9"]
[EventCountry "DEN"]
[SourceTitle "Live v Helsingor Chess Club"]

1. e4 g6 2. d4 Bg7 3. Nc3 c6 4. f4 d5 5. e5 h5 6. Nf3 Bg4 7. Be3 Nh6 8. h3 Bxf3 9. Qxf3 e6 10. Bd3 h4 11. O-O Nf5 12. Bf2 Nd7 13. Ne2 Bf8 14. b3 Be7 15. c4 Kf8 16. Kh2 Kg7 17. c5 a5 18. a3 b5 19. b4 axb4 20. axb4 Qc7 21. Bc2 Ra7 22. Ra3 Rha8 23. Rfa1 Nf8 24. R1a2 Qd7 25. Ng1 Bd8 26. Qc3 g5 27. Nf3 Nh7 28. Qa1 Rxa3 29. Rxa3 Rxa3 30. Qxa3 f6 31. exf6+ Bxf6 32. Bxf5 exf5 33. fxg5 Nxg5 34. Nxh4 f4 35. Nf3 Ne4 36. Bh4 Bxh4 37. Nxh4 Qd8 38. Qa7+ Kg8 39. Nf3 Qf6 40. Qb8+ Kh7 41. Qe5 Qh6 42. Qe7+ Kg8 43. Ne5 Ng5 44. Ng4 1-0

[Event "Kronborg Chess Open IM 2026"]
[Site "Helsingor"]
[Date "2026.05.15"]
[Round "4.10"]
[White "Strom Engdahl, Alexander"]
[Black "Kotyk, Michael"]
[Result "1-0"]
[WhiteElo "2308"]
[BlackElo "2240"]
[WhiteFideId "1741586"]
[BlackFideId "16214501"]
[EventDate "2026.05.13"]
[EventType "tourn"]
[EventRounds "9"]
[EventCountry "DEN"]
[SourceTitle "Live v Helsingor Chess Club"]

1. Nf3 d5 2. e3 Nf6 3. c4 e6 4. Nc3 Bd6 5. b3 O-O 6. Bb2 Re8 7. Nb5 Be7 8. Be5 Na6 9. Be2 c6 10. Nc3 Nc5 11. Qc2 Ncd7 12. Bg3 b6 13. cxd5 cxd5 14. Nb5 Bb7 15. Qd1 Ne4 16. Bc7 Qc8 17. Rc1 Bc5 18. b4 Bxb4 19. Bxb6 Ndc5 20. Bxa7 Qd8 21. O-O Qa5 22. a3 Bxd2 23. Nxd2 Nxd2 24. Bxc5 Nxf1 25. Bxf1 Rec8 26. Bb4 Qb6 27. Rxc8+ Bxc8 28. Qd4 Qc6 29. Qc5 Qxc5 30. Bxc5 Bd7 31. Bb4 Bc6 32. Nd4 Ba4 33. f4 g6 34. Bb5 Bxb5 35. Nxb5 Rb8 36. a4 Ra8 37. a5 Rb8 38. a6 Rxb5 39. a7 Rxb4 40. a8=Q+ Kg7 41. Qa1+ Kg8 42. Kf2 h5 43. Kg3 Re4 44. Qc3 Kh7 45. Qf6 Rxe3+ 46. Kh4 Kg8 47. Kg5 Kf8 48. Qd8+ Kg7 49. Qf6+ Kf8 50. Kh6 Ke8 51. Kg7 Re4 52. Qxf7+ Kd8 53. Kxg6 d4 54. Qa7 1-0

[Event "Kronborg Chess Open IM 2026"]
[Site "Helsingor"]
[Date "2026.05.15"]
[Round "5.6"]
[White "Jalving, August"]
[Black "Ragnarsson, Dagur"]
[Result "1/2-1/2"]
[WhiteElo "2296"]
[BlackElo "2391"]
[WhiteFideId "1471759"]
[BlackFideId "2304058"]
[EventDate "2026.05.13"]
[EventType "tourn"]
[EventRounds "9"]
[EventCountry "DEN"]
[SourceTitle "Live v Helsingor Chess Club"]

1. e4 e5 2. Nf3 Nf6 3. d4 Nxe4 4. Bd3 d5 5. Nxe5 Bd6 6. Nd2 Bxe5 7. dxe5 Nc5 8. Nf3 Bg4 9. O-O Nc6 10. Be2 O-O 11. Re1 Re8 12. Bf4 Ne7 13. h3 Bxf3 14. Bxf3 c6 15. Qd2 Ng6 16. Bg3 Re7 17. Re2 Qb6 18. c3 Rae8 19. Rae1 Qa6 20. Re3 Qxa2 21. h4 h6 22. h5 Nf8 23. Bh4 Rc7 24. Bg4 Qc4 25. Qd4 Qxd4 26. cxd4 Nce6 27. Rd1 c5 28. dxc5 Rxc5 29. g3 Rb5 30. Rd2 Nd7 31. f4 Nb6 32. Be2 Rb4 33. Rc3 a6 34. b3 Nd4 35. Bg4 Nc6 36. Bf3 Nd4 37. Bg4 Nc6 38. Bf3 Nd4 39. Bg4 Nc6 40. Bf3 1/2-1/2